Online Catalogue and eLibrary

Sahabagithwa sanwardanaya (Record no. 2229)

MARC details
000 -LEADER
fixed length control field 00388nam a2200157Ia 4500
005 - DATE AND TIME OF LATEST TRANSACTION
control field 20250613021040.0
008 - FIXED-LENGTH DATA ELEMENTS--GENERAL INFORMATION
fixed length control field 240331s9999 xx 000 0 und d
020 ## - INTERNATIONAL STANDARD BOOK NUMBER
ISBN 9559543504
082 ## - DDC Classification
Item Number - Author Mark KAR
Class No. 307
100 ## - MAIN ENTRY--PERSONAL NAME
Personal name Karunaratne, W
245 #0 - TITLE STATEMENT
Title Sahabagithwa sanwardanaya
260 ## - PUBLICATION, DISTRIBUTION, ETC.
Name of publisher, distributor, etc. Peda Institute
Date of publication, distribution, etc. 1991
300 ## - PHYSICAL DESCRIPTION
Extent (e.g. Volumes, Pages etc.) 137 p .,
500 ## - GENERAL NOTE
General note It Is participatory Development
942 ## - Koha item type (Biblio)
Koha item type Books in Stacks (Lending)
Holdings
Lost status Damaged status Collection code Home library Current library Shelving location Date acquired Full call number Accession Number Item type
    Lending WERC Library WERC Library Social Science Cupboard 03/31/2024 307.72 KAR 915 Books in Stacks (Lending)

© WERC Library